000 00685nam a2200253Ia 4500
005 20250425162729.0
008 250425s9999 xx 000 0 und d
020 _a088730687X
041 _aeng
082 _a658.406 3
100 _aHAMMER, MICHAEL
245 0 _aREENGINEERING THE CORPORATION: A MANIFESTO FOR BUSINESS REVOLUTION
250 _a1SH ED.
260 _aEstados Unidos
_bHARPERBUSINESS
_c1994
260 _aNEW YORK
300 _a233
500 _aDONADO POR GUILLERMO AROSEMENA
650 _aGUIAS DE NEGOCIOS
650 _aREINGENIERIA DE PROCESOS
650 _aSISTEMAS DE INTERCAMBIOS
710 _aHARPERBUSINESS
942 _c01
010 _a103599
999 _c235266
_d235266